[Event "Benidorm op-A"]
[Site "Benidorm"]
[Date "2023.11.04"]
[Round "8"]
[White "Ghita, Vlad Bogdan"]
[Black "Atienza Alvarez, Javier"]
[Result "0-1"]
[WhiteElo "1914"]
[BlackElo "2082"]
[PlyCount "114"]
[EventDate "2023.10.29"]
[EventType "swiss"]
[EventRounds "9"]
[EventCountry "ESP"]
[SourceTitle "Mega2024 Update 01"]
[Source "Chessbase"]
[SourceDate "2023.11.12"]
[SourceVersion "1"]
[SourceVersionDate "2023.11.12"]
[SourceQuality "1"]

1. e4 e6 2. d4 d5 3. Nd2 c5 4. exd5 Qxd5 5. dxc5 Qxc5 6. Ngf3 Nf6 7. Bd3 Qc7 8. 0-0 Nbd7 9. c4 Be7 10. Qe2 b6 11. b3 Bb7 12. Bb2 0-0 13. Rad1 Rad8 14. Ne5 Nxe5 15. Bxe5 Qc6 16. Nf3 Qc5 17. Ng5 g6 18. Nh3 Ng4 19. Bf4 Qh5 20. Be4 Bxe4 21. Qxe4 Bc5 22. Qf3 e5 23. Bg5 Rxd1 24. Qxd1 Nxf2 25. Nxf2 Qxg5 26. Kh1 Rd8 27. Qg4 Qxg4 28. Nxg4 Bd4 29. Nf6+ Kg7 30. a4 Bc5 31. Nd5 f5 32. g3 Kf7 33. Kg2 a5 34. Kf3 Rd7 35. Re1 e4+ 36. Kf4 Ke6 37. Rd1 h6 38. h4 Rg7 39. g4 g5+ 40. Kg3 f4+ 41. Kh3 Ke5 42. Nc3 Bd4 43. Nb5 Rd7 44. b4 e3 45. Kg2 axb4 46. Kf3 b3 47. c5 bxc5 48. a5 Rb7 49. Na3 b2 50. hxg5 hxg5 51. Rh1 Kd5 52. Rh5 b1Q 53. Rxg5+ Ke6 54. Nxb1 Rxb1 55. Rg6+ Kf7 56. Rb6 Rxb6 57. axb6 Be5 0-1

[Event "La Nucia op 3rd"]
[Site "La Nucia"]
[Date "2022.10.11"]
[Round "3"]
[White "Gomez Ledo, Roberto Carlos"]
[Black "Atienza Alvarez, Javier"]
[Result "1-0"]
[WhiteElo "2445"]
[BlackElo "2058"]
[PlyCount "57"]
[EventDate "2022.10.09"]
[EventType "swiss"]
[EventRounds "9"]
[EventCountry "ESP"]
[SourceTitle "CBM 210 Extra"]
[Source "ChessBase"]
[SourceDate "2022.11.30"]
[SourceVersion "1"]
[SourceVersionDate "2022.11.30"]
[SourceQuality "1"]

1. d4 Nf6 2. Bf4 d5 3. e3 e6 4. Nd2 c5 5. c3 Bd6 6. Ngf3 0-0 7. Bd3 Bxf4 8. exf4 b6 9. Qe2 a5 10. h4 Ba6 11. Ne5 Bxd3 12. Qxd3 Nbd7 13. h5 b5 14. dxc5 Nxe5 15. fxe5 Nd7 16. Nf3 Qc7 17. Qxb5 Nxe5 18. Nxe5 Qxe5+ 19. Qe2 Qg5 20. 0-0 e5 21. Rad1 Rad8 22. b4 axb4 23. cxb4 Rfe8 24. b5 e4 25. c6 Rd6 26. Rc1 Rh6 27. b6 Rxh5 28. c7 Qe5 29. Qxh5 1-0

[Event "Braganca op 2nd"]
[Site "Braganca"]
[Date "2021.08.19"]
[Round "1"]
[White "Grigoryan, Karen H"]
[Black "Atienza Alvarez, Javier"]
[Result "1-0"]
[WhiteElo "2658"]
[BlackElo "2002"]
[PlyCount "91"]
[EventDate "2021.08.19"]
[EventType "swiss"]
[EventRounds "9"]
[EventCountry "POR"]
[SourceTitle "CBM 204 Extra"]
[Source "ChessBase"]
[SourceDate "2021.11.30"]
[SourceVersion "1"]
[SourceVersionDate "2021.11.30"]
[SourceQuality "1"]

1. d4 e6 2. c4 Nf6 3. Nc3 Bb4 4. f3 c5 5. d5 b5 6. e4 bxc4 7. Bxc4 exd5 8. exd5 0-0 9. Nge2 d6 10. 0-0 Nbd7 11. Bg5 h6 12. Bh4 g5 13. Bg3 Nb6 14. Bb5 Bb7 15. Bc6 Bxc6 16. dxc6 Nc4 17. Qd3 Nxb2 18. Qxd6 Qxd6 19. Bxd6 Rfc8 20. c7 Ne8 21. Bg3 Nxc7 22. Rfb1 Nd3 23. Bxc7 Rxc7 24. Nd5 Rcc8 25. Ne7+ Kf8 26. Nxc8 Rxc8 27. Nc1 Nf4 28. a3 Bc3 29. Ra2 Re8 30. Nb3 c4 31. Na1 Ba5 32. Rc2 c3 33. Rd1 Rb8 34. g3 Nd3 35. Rxd3 Rb1+ 36. Kg2 Rxa1 37. Rd7 a6 38. Rd6 Rb1 39. Rxa6 Rb2 40. Rxb2 cxb2 41. Ra8+ Ke7 42. Rb8 Bc3 43. Kf2 Kd6 44. Ke2 Kc5 45. Kd3 Be5 46. Rb3 1-0

[Event "Benidorm op U2300 18th"]
[Site "Benidorm"]
[Date "2019.11.29"]
[Round "1"]
[White "Atienza Alvarez, Javier"]
[Black "Villar Reymundo, Juan Antonio"]
[Result "1/2-1/2"]
[WhiteElo "2026"]
[BlackElo "2216"]
[PlyCount "57"]
[EventDate "2019.11.29"]
[EventType "swiss"]
[EventRounds "10"]
[EventCountry "ESP"]
[SourceTitle "EXT 2022"]
[Source "ChessBase"]
[SourceDate "2021.10.06"]
[SourceVersion "1"]
[SourceVersionDate "2021.10.06"]
[SourceQuality "1"]

1. d4 Nf6 2. c4 e6 3. g3 d5 4. Bg2 Bb4+ 5. Nd2 0-0 6. Qc2 Nbd7 7. Ngf3 Be7 8. 0-0 c5 9. cxd5 Nxd5 10. e4 Nb4 11. Qc3 b6 12. a3 Nc6 13. dxc5 bxc5 14. Nc4 Nb6 15. Be3 Nxc4 16. Qxc4 Qb6 17. Qc3 Rd8 18. b4 Nd4 19. Kh1 cxb4 20. axb4 e5 21. Nxe5 Bxb4 22. Qb2 Bc5 23. Qxb6 Bxb6 24. Nc6 Nxc6 25. Bxb6 Re8 26. Ra3 Bh3 27. Rfa1 Bxg2+ 28. Kxg2 Rxe4 29. Bxa7 1/2-1/2

[Event "Rutas de Cuenca op 6th"]
[Site "Cuenca"]
[Date "2019.07.21"]
[Round "6"]
[White "Villar Reymundo, Juan Antonio"]
[Black "Atienza Alvarez, Javier"]
[Result "1-0"]
[WhiteElo "2198"]
[BlackElo "1993"]
[PlyCount "109"]
[EventDate "2019.07.19"]
[EventType "swiss"]
[EventRounds "7"]
[EventCountry "ESP"]
[SourceTitle "CBM 195 Extra"]
[Source "ChessBase"]
[SourceDate "2020.05.31"]
[SourceVersion "1"]
[SourceVersionDate "2020.05.31"]
[SourceQuality "1"]

1. d4 e6 2. Nf3 d5 3. g3 c5 4. c4 Nc6 5. cxd5 exd5 6. Bg2 Nf6 7. 0-0 Be7 8. Nc3 0-0 9. dxc5 Bxc5 10. Bg5 d4 11. Bxf6 Qxf6 12. Nd5 Qd8 13. Nd2 Be6 14. Nf4 Re8 15. Rc1 Bd6 16. Nxe6 Rxe6 17. Nb3 Be5 18. Nc5 Re7 19. Nxb7 Rxb7 20. Bxc6 Rxb2 21. Bxa8 Qxa8 22. Rc5 Bf6 23. Qc1 Rb8 24. Rc7 Bd8 25. Rd7 Bb6 26. Qf4 Rf8 27. Rc1 Qe8 28. Qf5 g6 29. Qd5 Kg7 30. Rc2 h5 31. a4 h4 32. a5 hxg3 33. hxg3 Bxa5 34. Qxd4+ Kg8 35. Rxa7 Qb8 36. Rb2 Bc3 37. Rxb8 Bxd4 38. Rxf8+ Kxf8 39. Rb7 Kg7 40. Kg2 Kf6 41. f4 Ke6 42. e4 Bc3 43. Kf3 Bd4 44. Rc7 Bb2 45. g4 Ba1 46. Rc5 Bd4 47. Rb5 Bc3 48. e5 g5 49. f5+ Ke7 50. Ke4 f6 51. Rb7+ Ke8 52. exf6 Bxf6 53. Kd5 Kf8 54. Ke6 Ba1 55. f6 1-0

[Event "La Roda op 44th"]
[Site "La Roda"]
[Date "2017.04.12"]
[Round "1"]
[White "Burmakin, Vladimir"]
[Black "Atienza Alvarez, Javier"]
[Result "1-0"]
[WhiteElo "2518"]
[BlackElo "2001"]
[PlyCount "69"]
[EventDate "2017.04.12"]
[EventType "swiss"]
[EventRounds "9"]
[EventCountry "ESP"]
[SourceTitle "CBM 177 Extra"]
[Source "ChessBase"]
[SourceDate "2017.04.27"]
[SourceVersion "1"]
[SourceVersionDate "2017.04.27"]
[SourceQuality "1"]

1. Nf3 Nf6 2. g3 b6 3. Bg2 Bb7 4. 0-0 e6 5. c4 Be7 6. d4 0-0 7. Re1 d6 8. Nc3 Ne4 9. Ng5 Bxg5 10. Bxg5 Qxg5 11. Nxe4 Bxe4 12. Bxe4 d5 13. cxd5 exd5 14. Bg2 Nd7 15. Qc1 Qxc1 16. Raxc1 c5 17. Bxd5 Rad8 18. dxc5 Nxc5 19. Red1 Rd7 20. Bc6 Rc7 21. Bf3 Rfc8 22. Bg4 Ne6 23. Rxc7 Rxc7 24. Bf5 g6 25. Bb1 Nd4 26. Kf1 Kg7 27. h4 Kf6 28. Ke1 Nc2+ 29. Kd2 Nd4 30. Ke3 Ne6 31. Kf3 Ke5 32. e4 Nd4+ 33. Ke3 Nc2+ 34. Kd3 Nb4+ 35. Kd2 1-0

[Event "Valencia Region-ch Primera"]
[Site "Valencia"]
[Date "2015.11.07"]
[Round "5.1"]
[White "Atienza Alvarez, Javier"]
[Black "Arlandis Clari, Enrique"]
[Result "0-1"]
[WhiteElo "1761"]
[BlackElo "1901"]
[PlyCount "138"]
[EventDate "2015.10.03"]
[EventType "swiss"]
[EventRounds "7"]
[EventCountry "ESP"]
[SourceTitle "EXT 2024"]
[Source "ChessBase"]
[SourceDate "2023.10.10"]
[SourceVersion "1"]
[SourceVersionDate "2023.10.10"]
[SourceQuality "1"]

1. d4 d5 2. Nf3 Nf6 3. c4 c6 4. Qc2 dxc4 5. Qxc4 Bg4 6. Nbd2 e6 7. e3 Nbd7 8. Bd3 c5 9. 0-0 a6 10. a4 Rc8 11. Qb3 cxd4 12. exd4 Qb6 13. Qxb6 Nxb6 14. Ne5 Bf5 15. Bxf5 exf5 16. a5 Nbd5 17. Ndc4 Bb4 18. f3 0-0 19. Rd1 Rfd8 20. Bd2 Bxd2 21. Rxd2 Nh5 22. b3 Nhf4 23. g3 Ne6 24. Kf2 f6 25. Nd3 Ne7 26. Nf4 Nxf4 27. gxf4 Nd5 28. Kg3 Rc6 29. Rad1 Re8 30. Rd3 Kf7 31. R3d2 h5 32. h4 Rce6 33. Rd3 Ke7 34. R1d2 Kd7 35. Rf2 Re1 36. Rfd2 Rg1+ 37. Kf2 Ree1 38. Nb6+ Nxb6 39. axb6 Rgf1+ 40. Kg2 Rc1 41. Re2 Rfe1 42. Rxe1 Rxe1 43. d5 Kd6 44. b4 Rc1 45. Rd4 Rb1 46. Kf2 Ra1 47. Rc4 Rb1 48. Rc7 Rxb4 49. Rxb7 Kxd5 50. Rxg7 Rxb6 51. Rh7 a5 52. Rxh5 Ke6 53. Rh8 Ra6 54. h5 Kf7 55. Rd8 a4 56. h6 Kg6 57. Rd1 a3 58. Rh1 Kh7 59. Ke2 a2 60. Ra1 Kxh6 61. Kf2 Kg6 62. Ke2 Kf7 63. Kd3 Ke6 64. Kd4 Kd6 65. Ke3 Kc5 66. Kd3 Ra3+ 67. Kc2 Kd4 68. Kd2 Ra6 69. Ke2 Kc3 0-1